000 00624nam a2200253Ia 4500
003 OSt
005 20220924114750.0
006 a|||||r|||| 00| 0
007 ta
008 220923b |||||||| |||| 00| 0 ara d
020 _a9777337469
020 _c60.00
024 _a337320
037 _cTextual
040 _aARTS
_cARTS
_bara
041 _2ara
_aara
082 _aO28,1:g(S:55), M0
245 0 _aAl-ghazal
260 _aCairo
_bDar-al-ma'arif Egypt
_c1980
300 _a94p.
_ccm.
650 _aARABIC POETRY
942 _hO28,1:g(S:55), M0
_cTEXL
_2CC
999 _c395172
_d395172